[Event "14.Offene Südharz-Meisterschaft"]
[Site "Schloss Mansfeld"]
[Date "2021.12.18"]
[Round "3.8"]
[White "Herter, Arne"]
[Black "Kaschuba, Jürgen"]
[Result "1-0"]
[WhiteElo "1889"]
[BlackElo "1581"]
[PlyCount "107"]
[EventDate "2021.??.??"]

1. e4 e5 2. Nf3 Nf6 3. Nxe5 d6 4. Nf3 Nxe4 5. d4 Nf6 6. c4 Be7 7. Bd3 O-O 8.
O-O Bg4 9. Nc3 Nc6 10. Be3 d5 11. cxd5 Nxd5 12. Be4 Nxc3 13. bxc3 f5 14. Bd3
Na5 15. c4 Nc6 16. Be2 Bf6 17. Rb1 Rb8 18. d5 Ne5 19. Nxe5 Bxe2 20. Qxe2 Bxe5
21. Bxa7 Re8 22. Qf3 Ra8 23. Rxb7 Qc8 24. Qb3 f4 25. Rb1 Qg4 26. c5 Kh8 27. a4
f3 28. Qxf3 Qxa4 29. Bb8 h6 30. g3 Qc2 31. Qf7 Rg8 32. d6 Qxc5 33. Qxc7 Qd5 34.
Qe7 Bf6 35. Qe2 Ra2 36. Qb5 Qd2 37. Qf5 Bd4 38. Rf1 Ra1 39. Rxa1 Bxa1 40. d7
Bf6 41. Kg2 Bd8 42. Bc7 Be7 43. Rb5 Qc3 44. Ba5 Qa3 45. Qd5 Bd8 46. Bxd8 Rxd8
47. Rc5 Qa6 48. Rc7 Kh7 49. Qe4+ Qg6 50. Kf3 Qxe4+ 51. Kxe4 Kg6 52. Ke5 Kf7 53.
Kd6 Kf6 54. Rc8 1-0

[Event "14.Offene Südharz-Meisterschaft"]
[Site "Schloss Mansfeld"]
[Date "2021.12.18"]
[Round "3.9"]
[White "Glock, Benjamin"]
[Black "Müller, Cosima"]
[Result "1-0"]
[WhiteElo "1836"]
[BlackElo "1454"]
[PlyCount "41"]
[EventDate "2021.??.??"]

1. d4 Nf6 2. Bg5 d6 3. Bxf6 gxf6 4. g3 e5 5. Bg2 Bd7 6. Bxb7 Bc6 7. Bxa8 Bxa8
8. d5 c6 9. c4 Qa5+ 10. Nc3 cxd5 11. cxd5 Nd7 12. e4 Nb6 13. Nge2 Bh6 14. O-O
Bb7 15. a4 Qb4 16. a5 Nc4 17. Ra4 Qc5 18. Qb3 Qc7 19. Rxc4 Qb8 20. a6 O-O 21.
axb7 1-0

[Event "14.Offene Südharz-Meisterschaft"]
[Site "Schloss Mansfeld"]
[Date "2021.12.19"]
[Round "4.1"]
[White "Kraus, Sebastian"]
[Black "Hoffmann, Hendrik"]
[Result "0-1"]
[WhiteElo "2028"]
[BlackElo "2216"]
[PlyCount "158"]
[EventDate "2021.??.??"]

1. d4 d5 2. c4 dxc4 3. e4 e5 4. Nf3 exd4 5. Bxc4 Nc6 6. O-O Be6 7. Bxe6 fxe6 8.
Qb3 Qd7 9. Qxb7 Rb8 10. Qa6 Nf6 11. Nbd2 Be7 12. b3 O-O 13. Ba3 Bxa3 14. Qxa3
Qd6 15. Qa6 Rb6 16. Qc4 Rb4 17. Qd3 Ng4 18. Rac1 Nce5 19. Nxe5 Qxe5 20. Qg3
Qxg3 21. hxg3 Rf7 22. Rc5 h6 23. Nc4 a6 24. Nb2 Rb5 25. Nd3 Nf6 26. f3 Rd7 27.
Rfc1 Ne8 28. Kf2 Kf8 29. Ke2 Ke7 30. g4 Rd6 31. Ne5 Rxc5 32. Rxc5 Rb6 33. Nc4
Rb5 34. Rc6 h5 35. e5 hxg4 36. fxg4 Kd7 37. Rxa6 c5 38. Kd3 Nc7 39. Rd6+ Ke7
40. Nd2 Nd5 41. a4 Rb4 42. g3 Nb6 43. a5 Nd7 44. a6 c4+ 45. Kxd4 cxb3+ 46. Kc3
Ra4 47. Kxb3 Nc5+ 48. Kc2 Nxa6 49. Rb6 Nc5 50. Rc6 Nd7 51. Nc4 Ra2+ 52. Kd3 Rg2
53. Ke3 Rxg3+ 54. Kf4 Rg1 55. Kg5 Re1 56. Kf4 Rf1+ 57. Kg5 Re1 58. Kg6 Rxe5 59.
Kxg7 Rg5+ 60. Kh6 Rxg4 61. Rc7 Kf6 62. Kh5 Rd4 63. Ne3 Ne5 64. Rc1 Rf4 65. Rg1
Rf3 66. Ng4+ Kf5 67. Nh6+ Kf4 68. Kh4 Ra3 69. Rf1+ Nf3+ 70. Kh5 e5 71. Ng4 e4
72. Nf6 Ra5+ 73. Kg6 e3 74. Nh5+ Kg4 75. Nf6+ Kg3 76. Nh5+ Kg2 77. Rb1 Rg5+ 78.
Kh6 Rg4 79. Nf6 Rd4 0-1

[Event "14.Offene Südharz-Meisterschaft"]
[Site "Schloss Mansfeld"]
[Date "2021.12.19"]
[Round "4.2"]
[White "Schulte, Felix"]
[Black "Neuber, Pascal"]
[Result "1/2-1/2"]
[WhiteElo "2179"]
[BlackElo "1807"]
[PlyCount "64"]
[EventDate "2021.??.??"]

1. d4 Nf6 2. Bg5 Ne4 3. Bf4 d5 4. e3 Bf5 5. Bd3 e6 6. c3 Bd6 7. Bxd6 Nxd6 8.
Ne2 Nd7 9. Ng3 Bxd3 10. Qxd3 Nf6 11. Nd2 O-O 12. O-O c6 13. f3 Re8 14. Rae1 Qb6
15. b3 c5 16. Kh1 Rac8 17. e4 e5 18. exd5 exd4 19. c4 Rxe1 20. Rxe1 Re8 21.
Nde4 Ndxe4 22. Nxe4 Nd7 23. Qd2 Re5 24. f4 Re8 25. g3 h6 26. Nf2 Qd8 27. Nd3 f6
28. Kg2 b6 29. Qd1 Re7 30. Kf3 Qe8 31. Rxe7 Qxe7 32. Qe1 Qxe1 1/2-1/2

[Event "14.Offene Südharz-Meisterschaft"]
[Site "Schloss Mansfeld"]
[Date "2021.12.19"]
[Round "4.3"]
[White "Lehmann, Taylor"]
[Black "Pikalow, Michael"]
[Result "0-1"]
[WhiteElo "1486"]
[BlackElo "1970"]
[PlyCount "52"]
[EventDate "2021.??.??"]

1. e4 c5 2. c3 Nf6 3. d3 Nc6 4. Be3 e6 5. Nf3 d5 6. exd5 Nxd5 7. d4 Be7 8. Bb5
O-O 9. Bxc6 Nxe3 10. fxe3 bxc6 11. O-O cxd4 12. cxd4 Qb6 13. Rf2 c5 14. Nc3
cxd4 15. exd4 Bb7 16. Ne5 Rad8 17. Rd2 Bg5 18. Rd3 Rxd4 19. Rxd4 Be3+ 20. Kh1
Qxd4 21. Ng4 Bd2 22. Nb5 Qd5 23. Qe2 h5 24. Rd1 hxg4 25. Rxd2 Qxa2 26. Nc3 Qa6
0-1

[Event "14.Offene Südharz-Meisterschaft"]
[Site "Schloss Mansfeld"]
[Date "2021.12.19"]
[Round "4.4"]
[White "Prütting, Lucas"]
[Black "Gröbel, Aaron"]
[Result "0-1"]
[WhiteElo "1696"]
[BlackElo "2103"]
[PlyCount "48"]
[EventDate "2021.??.??"]

1. e4 e5 2. Nf3 Nc6 3. Bc4 Nf6 4. d3 Bc5 5. c3 d6 6. a4 a6 7. Bg5 Ba7 8. O-O h6
9. Be3 O-O 10. Bxa7 Rxa7 11. Re1 Ne7 12. d4 Ng6 13. Nbd2 Qe7 14. Nf1 c6 15. Ng3
Rd8 16. dxe5 dxe5 17. Qb3 b5 18. Bf1 Be6 19. Qc2 Rad7 20. Rad1 Bg4 21. Rxd7
Qxd7 22. Be2 Bxf3 23. Bxf3 Qd2 24. Qb3 Qxe1+ 0-1

[Event "14.Offene Südharz-Meisterschaft"]
[Site "Schloss Mansfeld"]
[Date "2021.12.19"]
[Round "4.5"]
[White "Duzy, Stefan"]
[Black "Nönnig, Jakob"]
[Result "1-0"]
[WhiteElo "1967"]
[BlackElo "1690"]
[PlyCount "105"]
[EventDate "2021.??.??"]

1. e4 e5 2. Nf3 Nc6 3. Nc3 Nf6 4. Bb5 Bd6 5. d3 O-O 6. Bg5 a6 7. Ba4 b5 8. Bb3
Na5 9. Nd5 Be7 10. Nxe7+ Qxe7 11. Nh4 d6 12. Qf3 Nxb3 13. axb3 h6 14. Bxf6 Qxf6
15. Qxf6 gxf6 16. Ra5 Be6 17. Ke2 Ra7 18. Rha1 Rfa8 19. Ke3 c5 20. f4 Kh7 21.
fxe5 fxe5 22. Nf3 b4 23. Nd2 Kg7 24. Nc4 Bxc4 25. dxc4 Kf8 26. Kd3 Ke7 27. c3
bxc3 28. Kxc3 Kd7 29. b4 cxb4+ 30. Kxb4 Rb7+ 31. Kc3 Rb6 32. b4 Kc7 33. Rf1 Rf8
34. Rf6 d5 35. Rxb6 Kxb6 36. Rxd5 f6 37. Rd6+ Kb7 38. Rd7+ Kc6 39. Ra7 Kb6 40.
Rg7 h5 41. Rg6 Kc7 42. Rg7+ Kc6 43. Rh7 f5 44. Rh6+ Kb7 45. Rxh5 fxe4 46. Rxe5
Rf2 47. g4 Rxh2 48. Rxe4 Rg2 49. Kd4 Rd2+ 50. Ke5 Rg2 51. Kf5 Rf2+ 52. Rf4 a5
53. Rxf2 1-0

[Event "14.Offene Südharz-Meisterschaft"]
[Site "Schloss Mansfeld"]
[Date "2021.12.19"]
[Round "4.6"]
[White "Kageler, Anton Paul"]
[Black "Herter, Arne"]
[Result "0-1"]
[WhiteElo "1724"]
[BlackElo "1889"]
[PlyCount "68"]
[EventDate "2021.??.??"]

1. e4 e5 2. Nf3 Nc6 3. Bb5 a6 4. Ba4 Nf6 5. d3 b5 6. Bb3 Be7 7. O-O O-O 8. Re1
d5 9. exd5 Nxd5 10. Nxe5 Nxe5 11. Rxe5 c6 12. Bxd5 cxd5 13. d4 Bd6 14. Re1 Qh4
15. g3 Qh3 16. Qf3 Bg4 17. Qxd5 Rad8 18. Qg2 Qh5 19. Re3 f5 20. f4 g5 21. fxg5
f4 22. Re1 fxg3 23. hxg3 Bf3 24. Qh2 Qg4 25. Qh4 Qf5 26. Bf4 Bxf4 27. gxf4 Rxd4
28. g6 h6 29. g7 Rf6 30. Re8+ Kxg7 31. Re7+ Kf8 32. Qe1 Rd1 33. Nc3 Qc5+ 34.
Kf1 Rxe1+ 0-1

[Event "14.Offene Südharz-Meisterschaft"]
[Site "Schloss Mansfeld"]
[Date "2021.12.19"]
[Round "4.8"]
[White "Kalliwoda, Enrico"]
[Black "Glock, Benjamin"]
[Result "1/2-1/2"]
[WhiteElo "1660"]
[BlackElo "1836"]
[PlyCount "100"]
[EventDate "2021.??.??"]

1. e4 c6 2. d4 d5 3. f3 dxe4 4. fxe4 e5 5. Nf3 exd4 6. Bc4 Qe7 7. O-O Be6 8.
Bxe6 fxe6 9. Qxd4 Nd7 10. Qf2 Ngf6 11. Nc3 Qb4 12. Ng5 O-O-O 13. Nf7 Bc5 14.
Be3 Bd6 15. a3 Bxh2+ 16. Kh1 Qe7 17. Nxd8 Ng4 18. Qf3 Nde5 19. Qh3 Rxd8 20. Bf4
Bxf4 21. Rxf4 Qg5 22. Raf1 h5 23. Kg1 Rd2 24. Rf8+ Kc7 25. Nd1 Rxc2 26. Re1 Qd2
27. Rff1 b5 28. Ne3 Nxe3 29. Rxe3 Ng4 30. Rd3 Qe2 31. Qf3 Qxf3 32. Rdxf3 Rxb2
33. Rf7+ Kb6 34. Rxg7 Ra2 35. Rg5 a5 36. Rxh5 Ne3 37. Re1 Nxg2 38. Rh2 Nxe1 39.
Rxa2 Nf3+ 40. Kf2 Nd4 41. Ke3 e5 42. Kd3 c5 43. Kc3 a4 44. Rh2 Nc6 45. Rh6 b4+
46. axb4 cxb4+ 47. Kc4 b3 48. Kc3 Kc5 49. Rh5 Kb5 50. Rg5 Kc5 1/2-1/2

[Event "14.Offene Südharz-Meisterschaft"]
[Site "Schloss Mansfeld"]
[Date "2021.12.19"]
[Round "4.9"]
[White "Löffelholz, Christian"]
[Black "Schellenberger, Dirk"]
[Result "0-1"]
[WhiteElo "1687"]
[BlackElo "1789"]
[PlyCount "58"]
[EventDate "2021.??.??"]

1. e4 c5 2. Nf3 e6 3. d4 cxd4 4. Nxd4 Nc6 5. c3 Nf6 6. Bd3 Bc5 7. Nb3 Bb6 8.
Bg5 h6 9. Bh4 O-O 10. N1d2 d6 11. Qe2 a6 12. O-O-O Bd7 13. Nc4 Bc7 14. Bc2 Qe7
15. Qd3 g5 16. Bg3 Ne5 17. Nxe5 dxe5 18. h4 Kg7 19. hxg5 hxg5 20. Nd2 Bc6 21.
f3 Nd7 22. Bf2 Rh8 23. g3 Rad8 24. Qe2 b5 25. f4 exf4 26. Rxh8 Rxh8 27. gxf4
Bxf4 28. e5 Rh2 29. Qd3 Nxe5 0-1

[Event "14.Offene Südharz-Meisterschaft"]
[Site "Schloss Mansfeld"]
[Date "2021.12.19"]
[Round "4.10"]
[White "Schulemann, Gero"]
[Black "Seidemann, Erik"]
[Result "1-0"]
[WhiteElo "1757"]
[BlackElo "1317"]
[PlyCount "77"]
[EventDate "2021.??.??"]

1. e4 e5 2. Bc4 Bc5 3. Nf3 Nc6 4. c3 Nf6 5. d3 d5 6. exd5 Nxd5 7. Qb3 Be6 8.
Qxb7 Nde7 9. Bxe6 fxe6 10. Qb5 Bd6 11. Bg5 O-O 12. Nbd2 Rf5 13. Ne4 Rb8 14. Qc4
Qd7 15. b4 Ng6 16. Nh4 Nxh4 17. Bxh4 Rbf8 18. Bg3 Kh8 19. h4 Rb8 20. a3 a5 21.
b5 Na7 22. a4 c6 23. bxc6 Nxc6 24. O-O Ne7 25. Rab1 Rc8 26. Qb5 Qc7 27. Qb6
Qxb6 28. Rxb6 Bb8 29. Rfb1 Nc6 30. Rxc6 Bc7 31. Nd6 Bxd6 32. Rxc8+ Bf8 33. Rbb8
Kg8 34. Bxe5 h6 35. Bd6 Kh7 36. Rxf8 Rd5 37. c4 Rxd6 38. h5 g6 39. Rf7# 1-0

[Event "14.Offene Südharz-Meisterschaft"]
[Site "Schloss Mansfeld"]
[Date "2021.12.19"]
[Round "5.1"]
[White "Hoffmann, Hendrik"]
[Black "Pikalow, Michael"]
[Result "1/2-1/2"]
[WhiteElo "2216"]
[BlackElo "1970"]
[PlyCount "36"]
[EventDate "2021.??.??"]

1. e4 c5 2. Nf3 d6 3. d4 cxd4 4. Nxd4 Nf6 5. Nc3 a6 6. g3 e5 7. Nde2 b5 8. a4
b4 9. Nd5 Bb7 10. Bg5 Bxd5 11. Bxf6 Qxf6 12. Qxd5 Ra7 13. Bg2 Qe6 14. Qxe6+
fxe6 15. O-O g6 16. c3 bxc3 17. Nxc3 Ke7 18. b4 Bh6 1/2-1/2

[Event "14.Offene Südharz-Meisterschaft"]
[Site "Schloss Mansfeld"]
[Date "2021.12.19"]
[Round "5.2"]
[White "Schellenberger, Dirk"]
[Black "Schulte, Felix"]
[Result "1-0"]
[WhiteElo "1789"]
[BlackElo "2179"]
[PlyCount "131"]
[EventDate "2021.??.??"]

1. Nf3 d5 2. c4 c6 3. g3 Nf6 4. Bg2 g6 5. b3 Bg7 6. Bb2 Bf5 7. O-O Nbd7 8. d3
Qc7 9. cxd5 cxd5 10. Nbd2 O-O 11. Rc1 Qa5 12. Bc3 Qa6 13. Nd4 Be6 14. N2f3 Rfc8
15. b4 Ne8 16. a4 Bg4 17. Qb3 e5 18. Nb5 d4 19. Bd2 Be6 20. Qa3 Bd5 21. Ng5
Bxg2 22. Kxg2 h6 23. Nf3 Qe6 24. Qb2 a6 25. Na3 Nd6 26. Rxc8+ Rxc8 27. Rc1 Rxc1
28. Bxc1 f5 29. Ne1 Nf7 30. Qc2 Kh7 31. f3 Nf6 32. Qc4 Qe8 33. b5 Nd6 34. Qc7
Qe6 35. Nc4 Nfe8 36. Qb6 axb5 37. axb5 Qd7 38. Nxd6 Nxd6 39. Ba3 Nxb5 40. Bb4
Qc6 41. Qd8 Nc7 42. Kf2 b5 43. Qc8 Qb6 44. Qd8 g5 45. Bd6 Nd5 46. Qd7 Nc3 47.
Bxe5 Nd1+ 48. Kg1 Qg6 49. Bxd4 Kg8 50. Qxg7+ Qxg7 51. Bxg7 Kxg7 52. Nc2 Kf6 53.
Kf1 Ke5 54. Ke1 Nc3 55. d4+ Kd5 56. Kd2 Kc4 57. Ne3+ Kb3 58. d5 f4 59. gxf4
gxf4 60. d6 fxe3+ 61. Ke1 Ka3 62. d7 b4 63. d8=Q b3 64. Qe7+ Ka2 65. Qa7+ Kb1
66. Qxe3 1-0

[Event "14.Offene Südharz-Meisterschaft"]
[Site "Schloss Mansfeld"]
[Date "2021.12.19"]
[Round "5.3"]
[White "Gröbel, Aaron"]
[Black "Schulemann, Gero"]
[Result "1-0"]
[WhiteElo "2103"]
[BlackElo "1757"]
[PlyCount "153"]
[EventDate "2021.??.??"]

1. e4 c5 2. Nf3 e6 3. d4 cxd4 4. Nxd4 a6 5. Bd3 Nf6 6. O-O Qc7 7. Nc3 b5 8. Qe2
d6 9. f4 Nbd7 10. g4 h5 11. g5 Qc5 12. Be3 Ng4 13. Rae1 Nxe3 14. Qxe3 g6 15. f5
Bg7 16. f6 Bf8 17. Nf3 Ne5 18. Qxc5 Nxf3+ 19. Rxf3 dxc5 20. e5 Bb7 21. Be4
O-O-O 22. Rd3 Rd4 23. Bxb7+ Kxb7 24. Rxd4 cxd4 25. Ne4 Kc6 26. Kg2 Kd5 27. Nf2
Bc5 28. Nd3 b4 29. Kf3 a5 30. Nf4+ Kc4 31. Ke4 a4 32. Ne2 Rd8 33. Rd1 b3 34.
axb3+ axb3 35. cxb3+ Kxb3 36. Nxd4+ Kxb2 37. Rd2+ Kb1 38. Nb3 Rc8 39. Nxc5 Rxc5
40. Rd7 Rc4+ 41. Ke3 Rg4 42. h4 Rxh4 43. Rxf7 Rh3+ 44. Kf2 Rh2+ 45. Kg3 Rh1 46.
Rb7+ Kc2 47. f7 Rf1 48. Re7 Kd3 49. Rxe6 Rxf7 50. Rxg6 Ke4 51. e6 Re7 52. Rf6
Ke5 53. Kh4 Rh7 54. Rh6 Rg7 55. Kxh5 Kd6 56. Rf6 Rg8 57. Kg4 Ke7 58. Kf5 Ra8
59. Rf7+ Ke8 60. Kf6 Ra1 61. Rb7 Rf1+ 62. Kg7 Re1 63. e7 Rg1 64. Kg6 Rf1 65.
Kg7 Rh1 66. Rb5 Kxe7 67. Re5+ Kd6 68. Re2 Rh4 69. g6 Rg4 70. Kf7 Rf4+ 71. Kg8
Rg4 72. g7 Rh4 73. Kf7 Rf4+ 74. Kg6 Rg4+ 75. Kf6 Rf4+ 76. Kg5 Rf1 77. Rg2 1-0

[Event "14.Offene Südharz-Meisterschaft"]
[Site "Schloss Mansfeld"]
[Date "2021.12.19"]
[Round "5.4"]
[White "Herter, Arne"]
[Black "Kraus, Sebastian"]
[Result "1/2-1/2"]
[WhiteElo "1889"]
[BlackElo "2028"]
[PlyCount "69"]
[EventDate "2021.??.??"]

1. e4 e5 2. Nf3 Nc6 3. Bb5 a6 4. Ba4 Nf6 5. O-O Be7 6. d3 b5 7. Bb3 d6 8. c3
O-O 9. Nbd2 h6 10. Re1 Re8 11. Nf1 Bf8 12. Ng3 Be6 13. Bc2 d5 14. d4 dxe4 15.
Nxe5 Bd5 16. Ng4 Bd6 17. Nxf6+ Qxf6 18. Qg4 Bxg3 19. Qxg3 b4 20. Qxc7 bxc3 21.
bxc3 Rac8 22. Qb6 Nxd4 23. Qxf6 gxf6 24. Ba4 Nb5 25. Bxh6 Rxc3 26. Bxb5 axb5
27. Reb1 Bc4 28. Be3 Kg7 29. a4 bxa4 30. Rxa4 Rb3 31. Rxb3 Bxb3 32. Rb4 Bd1 33.
Bd4 Kg6 34. Rb6 Re6 35. Rxe6 1/2-1/2

[Event "14.Offene Südharz-Meisterschaft"]
[Site "Schloss Mansfeld"]
[Date "2021.12.19"]
[Round "5.5"]
[White "Neuber, Pascal"]
[Black "Duzy, Stefan"]
[Result "1-0"]
[WhiteElo "1807"]
[BlackElo "1967"]
[PlyCount "51"]
[EventDate "2021.??.??"]

1. e4 c5 2. c4 Nc6 3. Nc3 g6 4. g3 Bg7 5. Bg2 e6 6. Nge2 Nge7 7. O-O O-O 8. d3
d6 9. f4 Rb8 10. Be3 Nd4 11. Bf2 b6 12. Nxd4 cxd4 13. Nb5 e5 14. Nxa7 Bd7 15.
Qb3 Kh8 16. Be1 f5 17. Nb5 Rf6 18. Bd2 h6 19. Rae1 fxe4 20. Bxe4 Bg4 21. Qb4 d5
22. Bg2 Bf5 23. fxe5 Re6 24. Nd6 Qd7 25. cxd5 Rxe5 26. Nf7+ 1-0

[Event "14.Offene Südharz-Meisterschaft"]
[Site "Schloss Mansfeld"]
[Date "2021.12.19"]
[Round "5.7"]
[White "Glock, Benjamin"]
[Black "Lehmann, Taylor"]
[Result "1-0"]
[WhiteElo "1836"]
[BlackElo "1486"]
[PlyCount "83"]
[EventDate "2021.??.??"]

1. d4 Nf6 2. Bg5 e6 3. Nd2 d5 4. e3 Be7 5. Bd3 b6 6. c3 Bb7 7. f4 Nbd7 8. Ngf3
Ne4 9. Bxe7 Qxe7 10. O-O h5 11. Ne5 O-O-O 12. Ndf3 Ndf6 13. Qa4 Kb8 14. Ba6 Rd6
15. Bxb7 Kxb7 16. Rfc1 Ng4 17. c4 c5 18. b4 Rc8 19. bxc5 bxc5 20. cxd5 exd5 21.
dxc5 Nxc5 22. Qb4+ Rb6 23. Qd4 Nf6 24. Ng5 Ne6 25. Nxe6 Rxc1+ 26. Rxc1 fxe6 27.
Qc3 Qd8 28. Nc6 Qd7 29. Ne5 Qd8 30. a4 Ne4 31. Qc2 Nd6 32. a5 Ra6 33. Rb1+ Ka8
34. Nc6 Qc8 35. Rb8+ Qxb8 36. Nxb8 Kxb8 37. Qb2+ Nb7 38. Qxg7 Nxa5 39. Qh8+ Kb7
40. Qxh5 Nc4 41. Kf2 Ra3 42. Qf7+ 1-0

[Event "14.Offene Südharz-Meisterschaft"]
[Site "Schloss Mansfeld"]
[Date "2021.12.19"]
[Round "5.8"]
[White "Polzin, Gustav"]
[Black "Kalliwoda, Enrico"]
[Result "1-0"]
[WhiteElo "1736"]
[BlackElo "1660"]
[PlyCount "45"]
[EventDate "2021.??.??"]

1. e4 c5 2. Nf3 d6 3. d4 cxd4 4. Nxd4 Nf6 5. Bc4 Nxe4 6. Qh5 e6 7. Bb5+ Bd7 8.
Nxe6 Qe7 9. Bxd7+ Nxd7 10. Nc7+ Kd8 11. Nd5 Qe5 12. Qxe5 dxe5 13. Be3 Nef6 14.
Nbc3 Nxd5 15. Nxd5 Bc5 16. Bxc5 Nxc5 17. O-O-O Kc8 18. Rhe1 f6 19. f4 Nd7 20.
Re3 Kb8 21. Rc3 Rc8 22. Ne7 Rxc3 23. Rxd7 1-0

[Event "14.Offene Südharz-Meisterschaft"]
[Site "Schloss Mansfeld"]
[Date "2021.12.19"]
[Round "5.9"]
[White "Udelnov, Valentin"]
[Black "Voigt, Raphael"]
[Result "1-0"]
[WhiteElo "1720"]
[BlackElo "1236"]
[PlyCount "49"]
[EventDate "2021.??.??"]

1. e4 e6 2. d4 d5 3. Nd2 c5 4. exd5 cxd4 5. dxe6 Bxe6 6. Ngf3 Nc6 7. Nb3 Bxb3
8. axb3 Bc5 9. Bc4 Qe7+ 10. Qe2 Qxe2+ 11. Bxe2 O-O-O 12. O-O Nb4 13. Ne5 Nxc2
14. Nxf7 Nxa1 15. Bg4+ Rd7 16. Nxh8 Nxb3 17. Nf7 Nf6 18. Be6 Nxc1 19. Rxc1 Ne4
20. Ne5 d3 21. Nxd3 b6 22. b4 Kd8 23. Bxd7 Nxf2 24. Nxc5 bxc5 25. Bf5 1-0

[Event "14.Offene Südharz-Meisterschaft"]
[Site "Schloss Mansfeld"]
[Date "2021.12.19"]
[Round "5.10"]
[White "Witter, Jannes"]
[Black "Dreke, Frank"]
[Result "1-0"]
[WhiteElo "1612"]
[BlackElo "1854"]
[PlyCount "71"]
[EventDate "2021.??.??"]

1. e4 Nf6 2. e5 Nd5 3. d4 d6 4. Nf3 Bg4 5. Be2 e6 6. O-O Be7 7. c4 Nb6 8. Qc2
Nc6 9. Be3 Bf5 10. Qd2 dxe5 11. dxe5 Nb4 12. Nd4 Nc2 13. Nxc2 Qxd2 14. Nxd2
Bxc2 15. Rac1 Bg6 16. Bf3 O-O-O 17. Nb3 c6 18. Nc5 Nd7 19. Nxd7 Rxd7 20. Bxa7
Rd2 21. b3 Kc7 22. c5 Ra8 23. Bb6+ Kc8 24. a4 Rd3 25. b4 Rxa4 26. Ra1 Rda3 27.
Rxa3 Rxa3 28. h3 Bd3 29. Rd1 Bf5 30. Be2 Be4 31. b5 Rb3 32. bxc6 bxc6 33. Ba6+
Kb8 34. Rd7 Bh4 35. Rb7+ Ka8 36. Rxf7 1-0